[Event "LSS SH-2006-0-00070"]
[Site "LSS email"]
[Date "2006.10.28"]
[Round "?"]
[White "Yarmolyuk, Yury"]
[Black "Grinwis, Jaap"]
[Result "1-0"]
[WhiteElo "2130"]
[BlackElo "2117"]
[PlyCount "21"]
[EventDate "2006.10.20"]
[EventType "tourn (corr)"]
[EventRounds "10"]
[EventCountry "GER"]
[SourceTitle "Corr 2015"]
[Source "ChessBase"]
[SourceDate "2015.07.17"]
[SourceVersion "1"]
[SourceVersionDate "2015.07.17"]
[SourceQuality "1"]

1. b4 e5 2. Bb2 Bxb4 3. Bxe5 Nf6 4. Nf3 0-0 5. e3 d5 6. Be2 c5 7. 0-0 Nc6 8. Bb2 Re8 9. d3 Be6 10. Nbd2 d4 11. a3 1-0

[Event "IECG SH.2006.0.00064"]
[Site "IECG email"]
[Date "2006.09.19"]
[Round "?"]
[White "Cade, Stephen"]
[Black "Grinwis, Jaap"]
[Result "1-0"]
[WhiteElo "2112"]
[BlackElo "2070"]
[PlyCount "60"]
[EventDate "2006.08.23"]
[EventType "tourn (corr)"]
[EventRounds "6"]
[SourceTitle "Corr 2024"]
[Source "ChessBase"]
[SourceDate "2023.10.19"]
[SourceVersion "1"]
[SourceVersionDate "2023.10.19"]
[SourceQuality "1"]

1. e4 c5 2. Nc3 Nc6 3. Nf3 Nf6 4. d4 cxd4 5. Nxd4 e5 6. Ndb5 d6 7. Bg5 a6 8. Na3 b5 9. Bxf6 gxf6 10. Nd5 f5 11. Bd3 Be6 12. 0-0 Bxd5 13. exd5 Ne7 14. c3 Bg7 15. Qh5 e4 16. Be2 0-0 17. Nc2 Rc8 18. Rad1 Rc5 19. Ne3 f4 20. Nf5 Ng6 21. Rfe1 Re8 22. f3 Qb6 23. Kh1 e3 24. g3 fxg3 25. hxg3 b4 26. cxb4 Qxb4 27. Bxa6 Qxb2 28. Nxd6 e2 29. Nxe8 Qc2 30. Rg1 Bd4 1-0

[Event "IECG SI.2006.0.00050"]
[Site "IECG email"]
[Date "2006.07.18"]
[Round "?"]
[White "Grinwis, Jaap"]
[Black "Lopez Martin, Hector Eduardo"]
[Result "0-1"]
[WhiteElo "1991"]
[BlackElo "1677"]
[PlyCount "36"]
[EventDate "2006.07.18"]
[EventType "tourn (corr)"]
[EventRounds "6"]
[SourceTitle "Corr 2008"]
[Source "ChessBase"]
[SourceDate "2008.06.24"]
[SourceVersion "1"]
[SourceVersionDate "2008.06.24"]
[SourceQuality "1"]

1. e4 e5 2. Nf3 Nc6 3. Bb5 a6 4. Bxc6 dxc6 5. 0-0 Qd6 6. Na3 b5 7. c3 Bg4 8. h3 Bh5 9. Qe2 Rd8 10. Nc2 c5 11. a4 c4 12. axb5 axb5 13. Ne3 Bxf3 14. Qxf3 Qd3 15. Re1 Bd6 16. Qg4 g6 17. Nd5 c6 18. Re3 Qc2 0-1

[Event "IECG SI.2006.0.00052"]
[Site "IECG email"]
[Date "2006.06.08"]
[Round "?"]
[White "Grinwis, Jaap"]
[Black "Hendriks, Marrien"]
[Result "1-0"]
[WhiteElo "1991"]
[BlackElo "1600"]
[PlyCount "57"]
[EventDate "2006.06.08"]
[EventType "tourn (corr)"]
[EventRounds "6"]
[SourceTitle "Corr 2008"]
[Source "ChessBase"]
[SourceDate "2008.06.24"]
[SourceVersion "1"]
[SourceVersionDate "2008.06.24"]
[SourceQuality "1"]

1. e4 c5 2. Nf3 d6 3. d4 cxd4 4. Nxd4 Nf6 5. Nc3 Nc6 6. Bc4 Qb6 7. Nb3 e6 8. Bf4 Ne5 9. Be2 Bd7 10. Qd2 Be7 11. 0-0-0 0-0 12. g4 Bc6 13. f3 Nfd7 14. h4 a5 15. Nd4 a4 16. a3 Nc5 17. g5 Rab8 18. h5 Rfd8 19. Kb1 Ra8 20. Bg3 Rdc8 21. Qe3 Be8 22. f4 Ncd7 23. Bf2 Nc4 24. Bxc4 Rxc4 25. g6 h6 26. Qd3 Qa6 27. Qh3 Nc5 28. gxf7+ Bxf7 29. Rhg1 1-0

[Event "IECG WC.2010.P.00003"]
[Site "IECG email"]
[Date "2006.06.05"]
[Round "?"]
[White "Grinwis, Jaap"]
[Black "Kolus, Wojciech"]
[Result "1-0"]
[WhiteElo "1991"]
[BlackElo "2038"]
[PlyCount "37"]
[EventDate "2006.06.05"]
[EventType "tourn (corr)"]
[EventRounds "6"]
[SourceTitle "Corr 2008"]
[Source "ChessBase"]
[SourceDate "2008.06.24"]
[SourceVersion "1"]
[SourceVersionDate "2008.06.24"]
[SourceQuality "1"]

1. e4 e5 2. Nf3 Nc6 3. Bb5 a6 4. Bxc6 dxc6 5. 0-0 Qd6 6. Na3 b5 7. c3 Bg4 8. h3 Bh5 9. Re1 c5 10. Nc2 Rd8 11. a4 c4 12. axb5 axb5 13. Nb4 Qe6 14. Na6 Rd7 15. b3 cxb3 16. d4 c5 17. Qe2 c4 18. d5 Qd6 19. Be3 1-0

[Event "IECG WC.2010.P.00003"]
[Site "IECG email"]
[Date "2006.06.05"]
[Round "?"]
[White "Herbst, Bernd"]
[Black "Grinwis, Jaap"]
[Result "1/2-1/2"]
[WhiteElo "2279"]
[BlackElo "1991"]
[PlyCount "52"]
[EventDate "2006.06.05"]
[EventType "tourn (corr)"]
[EventRounds "6"]
[SourceTitle "Corr 2008"]
[Source "ChessBase"]
[SourceDate "2008.06.24"]
[SourceVersion "1"]
[SourceVersionDate "2008.06.24"]
[SourceQuality "1"]

1. e4 c5 2. Nf3 Nc6 3. Nc3 Nf6 4. d4 cxd4 5. Nxd4 e5 6. Ndb5 d6 7. Bg5 a6 8. Na3 b5 9. Bxf6 gxf6 10. Nd5 f5 11. Bd3 Be6 12. 0-0 Bxd5 13. exd5 Ne7 14. c3 Bg7 15. Qh5 e4 16. Bc2 0-0 17. Rae1 Qc8 18. Kh1 Rb8 19. Bb3 a5 20. f3 b4 21. cxb4 Rxb4 22. fxe4 fxe4 23. Qd1 a4 24. Nc2 Rb5 25. Na3 Rb4 26. Nc2 Rb5 1/2-1/2

[Event "IECG SI.2006.0.00044"]
[Site "IECG email"]
[Date "2006.04.15"]
[Round "?"]
[White "Grinwis, Jaap"]
[Black "Jordaan, Wayne"]
[Result "1-0"]
[WhiteElo "1987"]
[BlackElo "1743"]
[PlyCount "89"]
[EventDate "2006.04.15"]
[EventType "tourn (corr)"]
[EventRounds "6"]
[SourceTitle "Corr 2008"]
[Source "ChessBase"]
[SourceDate "2008.06.24"]
[SourceVersion "1"]
[SourceVersionDate "2008.06.24"]
[SourceQuality "1"]

1. e4 c6 2. d4 d5 3. exd5 cxd5 4. c4 Nf6 5. Nc3 Nc6 6. Bg5 e6 7. Nf3 Qb6 8. c5 Qxb2 9. Na4 Qa3 10. Bc1 Qb4+ 11. Bd2 Qa3 12. Rb1 Ne4 13. Bb5 Bd7 14. Qc2 Nxd2 15. Qxd2 a6 16. Bxc6 Bxc6 17. Nb6 Rd8 18. Rb3 Bxc5 19. Rxa3 Bxa3 20. Ne5 Bb5 21. Qc3 Bd6 22. a4 Bxe5 23. axb5 Bd6 24. bxa6 bxa6 25. Qc6+ Ke7 26. 0-0 g6 27. Ra1 Kf6 28. Nd7+ Ke7 29. Nc5 Bxc5 30. dxc5 a5 31. Rxa5 Kf6 32. Qc7 Rhf8 33. Qf4+ Kg7 34. c6 Rb8 35. h3 Rbc8 36. Qe5+ Kg8 37. c7 d4 38. Rc5 d3 39. Qd4 Ra8 40. Qxd3 Rfe8 41. Qd6 Ra1+ 42. Kh2 Raa8 43. Rb5 Kg7 44. Rb8 h6 45. Rxe8 1-0

[Event "IECG SI.2006.0.00044"]
[Site "IECG email"]
[Date "2006.04.15"]
[Round "?"]
[White "Grinwis, Jaap"]
[Black "Kastell, Mikael"]
[Result "0-1"]
[WhiteElo "1987"]
[BlackElo "1911"]
[PlyCount "92"]
[EventDate "2006.04.15"]
[EventType "tourn (corr)"]
[EventRounds "6"]
[SourceTitle "Corr 2008"]
[Source "ChessBase"]
[SourceDate "2008.06.24"]
[SourceVersion "1"]
[SourceVersionDate "2008.06.24"]
[SourceQuality "1"]

1. e4 c5 2. Nf3 Nc6 3. d4 cxd4 4. Nxd4 Nf6 5. Nc3 e5 6. Ndb5 d6 7. Bg5 a6 8. Na3 b5 9. Nd5 Be7 10. Bxf6 Bxf6 11. c3 0-0 12. Nc2 Bg5 13. a4 bxa4 14. Rxa4 a5 15. Bc4 Rb8 16. Ra2 Kh8 17. Nce3 g6 18. h4 Bxh4 19. g3 Bg5 20. f4 exf4 21. gxf4 Bh4+ 22. Kf1 f5 23. b4 fxe4 24. Rah2 g5 25. b5 Ne5 26. Qd4 Rb7 27. Rxh4 gxh4 28. Ke2 Qe8 29. fxe5 dxe5 30. Qxe4 Qh5+ 31. Kd2 h3 32. Be2 Qg5 33. c4 Rf2 34. Ke1 Rbf7 35. Nd1 Rg2 36. Qe3 Bg4 37. N1c3 Qh4+ 38. Kd2 Qh5 39. b6 a4 40. Rb1 Bxe2 41. Nxe2 h2 42. Rh1 Qf5 43. Kc3 a3 44. Kb3 a2 45. Ndc3 Rd7 46. Kxa2 Rd3 0-1

[Event "IECG SI.2006.0.00044"]
[Site "IECG email"]
[Date "2006.04.15"]
[Round "?"]
[White "Grinwis, Jaap"]
[Black "Milde, Lars"]
[Result "1-0"]
[WhiteElo "1987"]
[BlackElo "1867"]
[PlyCount "63"]
[EventDate "2006.04.15"]
[EventType "tourn (corr)"]
[EventRounds "6"]
[SourceTitle "Corr 2008"]
[Source "ChessBase"]
[SourceDate "2008.06.24"]
[SourceVersion "1"]
[SourceVersionDate "2008.06.24"]
[SourceQuality "1"]

1. e4 e5 2. Nf3 Nc6 3. Bb5 a6 4. Bxc6 dxc6 5. 0-0 Qd6 6. Na3 b5 7. c3 c5 8. Nc2 Bb7 9. Re1 Rd8 10. a4 Be7 11. axb5 axb5 12. Qe2 c4 13. Ne3 Nh6 14. b3 0-0 15. bxc4 Bxe4 16. d4 exd4 17. Nxd4 Qg6 18. cxb5 Bf6 19. Rd1 Bxd4 20. cxd4 Nf5 21. Ra6 Qg5 22. f3 Bb7 23. Nc2 Qh5 24. Ra7 Rfe8 25. Qd3 Nd6 26. Bf4 Rd7 27. b6 Qh4 28. Be5 Qh6 29. Qd2 Qg6 30. Re1 Rb8 31. bxc7 Rxc7 32. Ne3 1-0

[Event "IECG SI.2006.0.00044"]
[Site "IECG email"]
[Date "2006.04.15"]
[Round "?"]
[White "Stibal, George"]
[Black "Grinwis, Jaap"]
[Result "1/2-1/2"]
[WhiteElo "1894"]
[BlackElo "1987"]
[PlyCount "65"]
[EventDate "2006.04.15"]
[EventType "tourn (corr)"]
[EventRounds "6"]
[SourceTitle "Corr 2008"]
[Source "ChessBase"]
[SourceDate "2008.06.24"]
[SourceVersion "1"]
[SourceVersionDate "2008.06.24"]
[SourceQuality "1"]

1. e4 c5 2. Nf3 d6 3. d4 cxd4 4. Nxd4 Nf6 5. Nc3 a6 6. Bg5 e6 7. f4 Be7 8. Qf3 Qc7 9. 0-0-0 Nbd7 10. g4 b5 11. Bxf6 Nxf6 12. g5 Nd7 13. f5 Bxg5+ 14. Kb1 Ne5 15. Qh5 Qe7 16. Nxe6 Bxe6 17. fxe6 g6 18. exf7+ Kxf7 19. Qh3 Kg7 20. Nd5 Qd8 21. Qc3 Rc8 22. Qd4 Rf8 23. Qa7+ Rf7 24. Qxa6 Nf3 25. Bxb5 Nd2+ 26. Ka1 Ra8 27. Qb6 Rfa7 28. a3 Qxb6 29. Nxb6 Rb8 30. Nc4 Rxb5 31. Nxd2 Rxa3+ 32. bxa3 Bf6+ 33. c3 1/2-1/2

[Event "IECG SI.2006.0.00044"]
[Site "IECG email"]
[Date "2006.04.15"]
[Round "?"]
[White "Vasquez, Charles"]
[Black "Grinwis, Jaap"]
[Result "0-1"]
[WhiteElo "1646"]
[BlackElo "1987"]
[PlyCount "60"]
[EventDate "2006.04.15"]
[EventType "tourn (corr)"]
[EventRounds "6"]
[SourceTitle "Corr 2008"]
[Source "ChessBase"]
[SourceDate "2008.06.24"]
[SourceVersion "1"]
[SourceVersionDate "2008.06.24"]
[SourceQuality "1"]

1. e4 c5 2. d4 cxd4 3. Qxd4 Nc6 4. Qd1 Nf6 5. Nc3 e6 6. Nf3 Bb4 7. Bd3 d5 8. exd5 Nxd5 9. Bd2 Nxc3 10. bxc3 Be7 11. 0-0 0-0 12. h3 Qc7 13. Re1 Rd8 14. Qc1 Bd6 15. Qb2 Ne5 16. Nxe5 Bxe5 17. Rab1 b6 18. Qa3 Bb7 19. Bg5 Rd5 20. Bd2 Ra5 21. Qb2 Rc8 22. Qb4 Bxc3 23. Bxc3 Qxc3 24. Qxc3 Rxc3 25. Ra1 g6 26. f3 Bd5 27. a4 Bc6 28. Red1 Rxa4 29. Rxa4 Bxa4 30. Rc1 Kg7 0-1

[Event "IECG CB.2006.0.00153 email"]
[Site "IECG email"]
[Date "2006.03.05"]
[Round "?"]
[White "Grinwis, Jaap"]
[Black "Eshuis, Hans"]
[Result "1-0"]
[WhiteElo "1972"]
[BlackElo "1890"]
[PlyCount "67"]
[EventDate "2006.03.05"]
[EventType "tourn (corr)"]
[EventRounds "6"]
[SourceTitle "Corr 2008"]
[Source "ChessBase"]
[SourceDate "2008.06.24"]
[SourceVersion "1"]
[SourceVersionDate "2008.06.24"]
[SourceQuality "1"]

1. e4 c5 2. Nf3 Nc6 3. d4 cxd4 4. Nxd4 Nf6 5. Nc3 e5 6. Ndb5 d6 7. Bg5 a6 8. Na3 b5 9. Bxf6 gxf6 10. Nd5 f5 11. Bd3 Be6 12. Qh5 Rg8 13. g3 Nd4 14. c3 fxe4 15. Bxe4 Bg4 16. Qxh7 Rg7 17. Qh6 Nf3+ 18. Kf1 Rg5 19. Nf6+ Ke7 20. Qh8 Nd2+ 21. Kg2 Nxe4 22. Nxe4 Rg6 23. Qh4+ Ke6 24. Qxd8 Rxd8 25. h4 f6 26. Nd2 Bf5 27. h5 Rh6 28. f3 d5 29. Nb3 Bxa3 30. bxa3 Rc8 31. g4 Bd3 32. Rac1 Rh7 33. Rhd1 Be4 34. fxe4 1-0

[Event "IECG CB.2006.0.00153 email"]
[Site "IECG email"]
[Date "2006.03.05"]
[Round "?"]
[White "Grinwis, Jaap"]
[Black "Wittal, Werner"]
[Result "1/2-1/2"]
[WhiteElo "1972"]
[BlackElo "1938"]
[PlyCount "40"]
[EventDate "2006.03.05"]
[EventType "tourn (corr)"]
[EventRounds "6"]
[SourceTitle "Corr 2008"]
[Source "ChessBase"]
[SourceDate "2008.06.24"]
[SourceVersion "1"]
[SourceVersionDate "2008.06.24"]
[SourceQuality "1"]

1. e4 b6 2. d4 Bb7 3. Bd3 Nf6 4. Nd2 e6 5. Ngf3 c5 6. c3 cxd4 7. cxd4 Be7 8. 0-0 Ba6 9. Bxa6 Nxa6 10. Qa4 Nc7 11. e5 Nfd5 12. Ne4 0-0 13. Bd2 a6 14. Rac1 f5 15. exf6 Nxf6 16. Nxf6+ Bxf6 17. Bb4 Re8 18. Bd6 Nd5 19. Ne5 b5 20. Qa3 Be7 1/2-1/2

[Event "CFriend SI-2004-0-00037 email"]
[Site "Chessfriend.com"]
[Date "2005.08.18"]
[Round "1"]
[White "Grinwis, Jaap"]
[Black "Weber, Carsten"]
[Result "1/2-1/2"]
[WhiteElo "1977"]
[BlackElo "1843"]
[PlyCount "54"]
[EventDate "2005.08.18"]
[EventType "tourn (corr)"]
[EventRounds "6"]
[SourceTitle "Corr 2008"]
[Source "ChessBase"]
[SourceDate "2008.06.24"]
[SourceVersion "1"]
[SourceVersionDate "2008.06.24"]
[SourceQuality "1"]

1. e4 e5 2. Nf3 d6 3. d4 exd4 4. Nxd4 Nf6 5. Nc3 Be7 6. Bf4 0-0 7. Qd2 d5 8. Ndb5 Na6 9. exd5 c6 10. d6 Re8 11. 0-0-0 Bf8 12. Nc7 Nxc7 13. dxc7 Qxd2+ 14. Rxd2 Re1+ 15. Rd1 Rxd1+ 16. Kxd1 Ne8 17. Ne4 Bf5 18. Bd3 Bg6 19. h4 Rc8 20. h5 Bxe4 21. Bxe4 Nxc7 22. Be3 Re8 23. Bd3 Nd5 24. Bd2 Bd6 25. c4 Nf4 26. Bxf4 Bxf4 27. b4 g5 1/2-1/2